MDQL
is popping MORE tags! Check the
thread
!
Quizzes
Events
Quiz Creation
Community
Videos
Private Events
Remove Ads
Sign In
Join for FREE
Feedback
Dark Mode
Quiz Categories
Sports
Geography
Music
Movies
Television
Just For Fun
Miscellaneous
History
Literature
Language
Science
Gaming
Entertainment
Religion
Holiday
For Kids
Quiz Lab
Recent
Popular Today
Quiz Kudos Today
Editor Picks
Curator Picks
Quizzes by...
Day
Popularity
Type
Ratings
Length
Year
Community
Subscriptions
Recent Discussions
Orange Saloon
Badges
Playlists
Quests
Create
Leaderboards
Showdown
Live 5
Trivia Bingo
Activity
Puzzle Library
Sporcle Events
Private Events
Virtual Trivia
Globe League
Become a Host
Pub Owners
SporcleCon
Opinionation
Our Games
Videos
Blog
Mobile Apps
Partnerships
Remove Ads and Go Orange
Feedback
Gaming
Video Games
Board Games
Card Games
Pokémon
Mario
Nintendo
Minecraft
Console
Toys
Legend of Zelda
Gaming
Video Games
Board Games
Card Games
Pokémon
Mario
Nintendo
Minecraft
Console
Toys
Legend of Zelda
Random Quiz
Search Sporcle
×
Quiz Lab
Quiz Lab
Gaming
Mario
Type in answers that appear in a list
Type in answers that appear in a list
Classic
Best Score? Go Orange.
Mario Characters Stats
Can you name the Mario Characters?
By
NBA_MASTER
10m
50 Questions
1,759 Plays
1,759 Plays
1,759 Plays
Comments
Comments
Give Quiz Kudos
Give Quiz Kudos
-
- Ratings
hide this ad
Replay
Link that replays current quiz
Next Quiz
Link to next quiz in quiz playlist
You Got
0%
They Got
Avg Score
63%
Avg Friend Score
Upgrade to see
Score Distribution
Jump to the score distribution portion of the page
Score
0/50
Timer
10:00
0
Plays Today
First Appearance
Character
% Correct
Donkey Kong (1981)
Mario
97.8%
Mario Brothers (1983)
Luigi
97.4%
Donkey Kong (1981)
Donkey Kong
97.4%
Super Mario Brothers (1985)
Bowser
94.6%
Super Mario Brothers (1985)
Koopa Troopa
88.1%
Super Mario Brothers (1985)
Princess Peach
86.9%
Super Mario Brothers (1985)
Toad
84.7%
Super Mario World (1991)
Yoshi
82.8%
Super Mario Brothers (1985)
Bullet Bill
80.8%
Super Mario Land 2 (1992)
Wario
79.6%
Super Mario Land (1989)
Princess Daisy
79.2%
Super Mario Brothers 3 (1990)
Boo
78.9%
Donkey Kong Country (1994)
Diddy Kong
77.4%
Super Mario Brothers (1985)
Goomba
77.2%
Mario Tennis (2000)
Waluigi
75.4%
Super Mario Sunshine (2002)
Bowser Jr.
74.9%
Super Mario Brothers 3 (1990)
Dry Bones
73.6%
Super Mario Brothers (1985)
Hammer Bro
73.3%
Mario Kart Double Dash! (2003)
Toadette
71.8%
Super Mario Brothers (1985)
Blooper
71.8%
Super Mario Brothers 2 (1988)
Birdo
70.2%
Toddler Terrors of Time Travel (1990)
Baby Mario
70.1%
Toddler Terrors of Time Travel (1990)
Baby Luigi
68.9%
Two Plumbers and a Baby (1989)
Baby Peach
63.6%
Super Mario Brothers (1985)
Lakitu
62%
First Appearance
Character
% Correct
Luigi's Mansion (2001)
King Boo
61.8%
Super Mario Brothers (1985)
Paratroopa
60.7%
Super Mario Brothers (1985)
Piranha Plant
60.2%
Super Mario Brothers 2 (1988)
Shy Guy
59.8%
New Super Mario Brothers (2006)
Dry Bowser
59.6%
Doctor Mario (1990)
Dr.Mario
58.9%
Super Mario Galaxy (2007)
Rosalina
58.5%
Donkey Kong Country (1994)
Funky Kong
57.9%
Super Mario Sunshine (2002)
Toadsworth
55.4%
Donkey Kong Country 2 (1995)
Dixie Kong
55.4%
Super Mario Brothers (1985)
Cheep Cheep
55%
Donkey Kong Junior (1986)
Donkey Kong Jr.
54.2%
Super Mario World (1991)
Wiggler
54.1%
Super Mario Sunshine (2002)
Petey Piranha
53.3%
Super Mario World (1991)
Magikoopa
49.9%
Super Mario Brothers 2 (1988)
Bob-Omb
47.5%
Super Mario World (1991)
Monty Mole
46.7%
Super Mario Sunshine (2002)
F.L.U.D.D
42.5%
Super Mario Brothers 3 (1990)
Chain Chomp
40.4%
Super Mario Brothers (1985)
Spiny
40.2%
Super Mario Brothers (1985)
Buzzy Beetle
33.9%
Super Mario Sunshine (2002)
Shadow Mario
32.6%
Super Mario Brothers 2 (1988)
Wart
31.9%
Super Mario Sunshine (2002)
Pianta
31.8%
Super Mario Brothers (1985)
Podoboo
17.2%
Quiz Playlist
Details
Report
Send in Message
Add To Playlist
Classic:
Type in answers that appear in a list
Last Updated: Feb 16, 2017
Quiz Scoreboard
CHALLENGE
Sign Up to Join the Scoreboard
Show All
Scores
Hide
Comments
May contain spoilers
Recently Published
Image Sorting: Flags VI
by Barbecue
Geography
2m
Find the 'City' Movie
by crazypaving
Movies
60s
Colored Red Africa Blitz
by spor1
Geography
45s
More to Explore
Quiz From the Vault
Featured Blog Post
14 Easter Pick-up Lines to Find Eggs With
hide this ad
You Might Also Like...
Tags
Mario Quiz
appearance
Character
description
Today's Top Quizzes in Gaming
Browse Gaming
hide this ad
Today's Top Quizzes in Mario
Browse Mario
Top Contributed Quizzes in Gaming
1
League of Legends Pro Players by Career/Team History
2
Destiny 2 exotic weapons by perk icons
3
Genshin murder mystery
4
Dead By Daylight Logic Puzzle
5
Genshin Impact Logic Puzzle
6
Overwatch Logic Puzzle
7
4x4 Decades: Video Games
8
Who's on the WWE 2K24 Cover?
9
Overwatch 2: Ultimate Ability Icons
10
Valorant Agent Developer Names (Up to Clove)
Explore More
Trending Topics
NBA
Crossword
Kpop
Disney
Marvel
Anime
Harry Potter
Puzzle
Soccer
Song
The Office
WWE
Pokémon
Country
NFL
hide this ad
More By:
NBA_MASTER
Quiz
Plays
Rating
Category
Featured
Created
Mario Party Game Characters
2,289
4.00
Gaming
Sep 23, 2009
NBA All-Star Players Nicknames
2,193
3.78
Sports
Sep 27, 2009
Mario Characters
1,759
3.25
Gaming
Oct 5, 2009
NBA Players Nicknames (NOT All-Stars)
1,241
3.42
Sports
Sep 28, 2009
Zelda twilight princess items
1,100
2.17
Gaming
Sep 24, 2009
Go to Creator's Profile
Score Distribution
Quiz Creator Spotlight
NBA_MASTER
Follow
Send a Message
Quizzes Created
-
Created Quiz Play Count
-
More By This Creator
Popular Quizzes Today
1
Colored Red Africa Blitz
2
Find the US States - No Outlines Minefield
3
Find the 'City' Movie
4
5x2 Blitz: Bands
5
The Countries of the World
6
Find the US States
7
Find the Countries of Europe - No Outlines Minefield
8
US States
More Gaming Quizzes
One Deadly Decoy: Gaming II
Quiz Lab
Trending Quizzes
Colored Red Europe Blitz I
Colored Red Europe Blitz II
Colored Red Africa Blitz II
Colored Red Europe Blitz III
Colored Red Africa Blitz III
Recently Updated
How Do You Spell That?
pecheneg
Godzilla Movies
pecheneg
Grab Bag: 4-10 Letters
pecheneg
2024 March Madness Bracket
pecheneg
Famous TV Couples
Peacemaker
Champions League XIs: Real Madrid
pecheneg
Largest US Cities 1790-2010
pecheneg
Rides in Walt Disney World
pecheneg
Most Oscar Losses (Acting)
pecheneg
Beyoncé Albums
pecheneg
Trending Topics
Anime
NBA
Kpop
Marvel
Crossword
Harry Potter
Disney
Soccer
The Office
Pokémon
Song
Puzzle
NFL
Country
WWE
Your Account Isn't Verified!
In order to create a playlist on Sporcle, you need to verify the email address you used during registration. Go to your
Sporcle Settings
to finish the process.
Report this User
Report this user for behavior that violates our
Community Guidelines
.
Details:
Send Report
Go to the Sporcle.com Mobile Site →
Comments